The Philippines and round about (Record no. 552701)
[ view plain ]
| 000 -LEADER | |
|---|---|
| fixed length control field | 00576cam a2200145Ka 4500 |
| 082 04 - DEWEY DECIMAL CLASSIFICATION NUMBER | |
| Classification number | 959.9 |
| Author Mark | YOU |
| 100 1# - MAIN ENTRY--PERSONAL NAME | |
| Personal name | Younghusband, G. J. |
| 9 (RLIN) | 49571 |
| 245 14 - TITLE STATEMENT | |
| Title | The Philippines and round about |
| Remainder of title | with some account of British interests in these waters / |
| Statement of responsibility, etc. | by G.J. Younghusband. |
| 260 ## - PUBLICATION, DISTRIBUTION, ETC. | |
| Place of publication, distribution, etc. | London ; |
| -- | New York : |
| Name of publisher, distributor, etc. | Macmillan, |
| Date of publication, distribution, etc. | 1899. |
| 300 ## - PHYSICAL DESCRIPTION | |
| Extent | 1 online resource (xiv, 230 p., [19] leaves of plates) : |
| Other physical details | ill., col. map |
| 526 ## - STUDY PROGRAM INFORMATION NOTE | |
| Program name | 0 |
| Interest level | 0 |
| Reading level | 0 |
| Title point value | 959_900000000000000_YOU |
| 650 ## - SUBJECT ADDED ENTRY--TOPICAL TERM | |
| Topical term or geographic name entry element | MCE |
| 9 (RLIN) | 379 |
| 856 40 - ELECTRONIC LOCATION AND ACCESS | |
| Uniform Resource Identifier | <a href="http://catalog.hathitrust.org/api/volumes/oclc/37230532.html">http://catalog.hathitrust.org/api/volumes/oclc/37230532.html</a> |
| 942 ## - ADDED ENTRY ELEMENTS (KOHA) | |
| Source of classification or shelving scheme | |
| Koha item type | Book |
| Withdrawn status | Lost status | Source of classification or shelving scheme | Damaged status | Not for loan | Permanent Location | Current Location | Shelving location | Date acquired | Total Checkouts | Full call number | Barcode | Date last seen | Price effective from | Koha item type |
|---|---|---|---|---|---|---|---|---|---|---|---|---|---|---|
| Military College of Engineering (MCE) | Military College of Engineering (MCE) | 01/21/2015 | 959.9 YOU | MCE-ECP 16 | 01/21/2015 | 01/21/2015 | Book |
